The Indispensable Qualities of A Leader (Record no. 11312)

MARC details
000 -LEADER
fixed length control field 00616nam a2200241 a 4500
001 - CONTROL NUMBER
control field 0001-1312
003 - CONTROL NUMBER IDENTIFIER
control field ELIB.Books
008 - FIXED-LENGTH DATA ELEMENTS--GENERAL INFORMATION
fixed length control field 150710 2010 eng
020 ## - INTERNATIONAL STANDARD BOOK NUMBER
International Standard Book Number 0785274405
035 ## - SYSTEM CONTROL NUMBER
System control number (ELIB.Books)0001-1467
092 ## - LOCALLY ASSIGNED DEWEY CALL NUMBER (OCLC)
Classification number 253
Item number Max
100 ## - MAIN ENTRY--PERSONAL NAME
Personal name Maxwell, John C.
245 ## - TITLE STATEMENT
Title The Indispensable Qualities of A Leader
260 ## - PUBLICATION, DISTRIBUTION, ETC. (IMPRINT)
Place of publication, distribution, etc. Nashville:
Name of publisher, distributor, etc. Thomas Nelson Publishers
Date of publication, distribution, etc. 1999
300 ## - PHYSICAL DESCRIPTION
Extent 161
Dimensions 18.5 Cm
500 ## - GENERAL NOTE
General note Library
650 ## - SUBJECT ADDED ENTRY--TOPICAL TERM
Topical term or geographic name as entry element Leadership
856 ## - ELECTRONIC LOCATION AND ACCESS
Name of location of host KBTS: Library
Uniform Resource Identifier <a href="KBTS: Elib">KBTS: Elib</a>
942 ## - ADDED ENTRY ELEMENTS (KOHA)
Source of classification or shelving scheme Dewey Decimal Classification
Koha item type Books
990 ## - EQUIVALENCES OR CROSS-REFERENCES [LOCAL, CANADA]
Link information for 9XX fields 1
998 ## - LOCAL CONTROL INFORMATION (RLIN)
Cataloger's initials, CIN (RLIN) bat
-- 2015-07-10
Holdings
Withdrawn status Lost status Source of classification or shelving scheme Damaged status Not for loan Home library Current library Date acquired Total Checkouts Barcode Date last seen Bill Date Koha item type
    Dewey Decimal Classification     Karen Baptist Theological Seminary Library Karen Baptist Theological Seminary Library 10/07/2015   15608 22/01/2022 22/01/2022 Books
Implemented & Customized by: BestBookBuddies

Powered by Koha